000 01350nam a2200265Ia 4500
008 0000002008 usad 0000000000mul00
020 _a9788488557148
090 _aPSP00 A17a
245 1 0 _aAbraham Lacalle
_b: el cielo que se repite = the selfrepeating sky
300 _a28 p.
_c/ 30 cm.
500 _aExposición realizada en Marlborough Chelsea, New Yorik, enero 10 febrero 2, 2008 \ Texto bilingue: español inglés \ Proyecto Ganador Programa Apoyos Concertados FGAA 2010
501 _aTEXTOS: Abraham Lacalle : his painterly ways / Antonio Eligio (Tonel)
505 _aOBRAS : Música militar La comunidad del esfuerzo Trompetas, tiempo de silencio Invasión Quién ama al sol 061 Castillo Inundación Polígono Curvonautas Persiguiendo al dragón Quitanieves Paisaje a mordiscos Km 0 Estratos Corazón Odisea campesina Comida en la calle Tiburón
600 0 0 _aLACALLE, ABRAHAM, 1962/
_xTRABAJOS PICTORICOS
650 1 4 _aARTE CONTEMPORANEO ESPAÑOL
650 1 4 _aARTISTAS PLASTICOS ESPAÑOLES EXPOSIONES
650 1 4 _xCATALOGOS
650 1 4 _xEXPOSICIONES
650 1 4 _aPINTORES ESPAÑOLES
650 1 4 _aPINTURA ABSTRACTA
650 1 4 _aPINTURA AL OLEO
650 1 4 _aPINTURA ESPAÑOLA
700 1 _aFernández, Antonio Eligio (Tonel)
999 _c11867
_d11867
260 _aNew York : Marlborough Chelsea
_c2008